[Event "2nd European Youth GP 2017"]
[Site "Jermuk"]
[Date "2017.10.13"]
[Round "9"]
[White "Shevchenko, Kirill"]
[Black "Sargsyan, Shant"]
[Result "1/2-1/2"]
[WhiteElo "2531"]
[BlackElo "2431"]
[Annotator "TA"]
[PlyCount "98"]
[EventDate "2017.??.??"]
[EventType "tourn"]
[EventCountry "ARM"]
[SourceTitle "playchess.com"]
[Source "ChessBase"]
[SourceQuality "1"]

{[%evp 20,98,17,22,21,13,21,-17,-24,-19,0,-23,-13,-29,-47,-34,-28,-70,-20,-8,-18,-25,-34,-37,-24,-28,-17,-42,-42,-54,-54,-58,-52,-63,-74,-154,-158,-147,-74,-150,-146,-142,-94,-102,-108,-95,-109,-107,-95,-105,-106,-107,-105,-102,-96,-102,-102,-110,-104,-89,-96,-250,-113,-130,-81,-97,-14,-14,0,-6,0,0,0,0,0,0,0,0,0,0,0]} 1. e4 e5 2. Nf3 Nc6 3. Bb5 a6 4. Ba4 Nf6 5. d3 Bc5 6. c3 d6 {C77: Ruy Lopez: 3...a6 4 Ba4 Nf6, unusual lines} 7. Nbd2 O-O 8. O-O Ba7 9. h3 Ne7 10. Re1 Ng6 11. Nf1 {LiveBook: 52 Games} h6 (11... c6 12. Ng3 {½-½ (12) Grischuk,A (2750)-Tomashevsky,E (2696) Moscow 2017}) 12. Ng3 d5 13. Be3 $146 ({Predecessor:} 13. exd5 Nxd5 14. Bb3 c6 15. d4 exd4 16. Nxd4 {1-0 (37) Kulaots,K (2556)-Sepp,O (2429) Puhajarve 2016}) 13... Bxe3 14. Rxe3 b5 15. Bb3 Bb7 {[%cal Bc8b7,Bb7d5,Bd5e6][%mdl 32]} 16. Re1 Re8 17. exd5 Nxd5 18. d4 {[%cal Rf3e5]} exd4 19. Rxe8+ Qxe8 20. Bxd5 Bxd5 21. Nxd4 Qe5 22. Qg4 c5 23. Nf3 Qf4 $36 {[%mdl 2048] Black has the initiative.} 24. Nh2 Be6 25. Qf3 Rd8 {Hoping for ...Qd2.} 26. Ne4 Rd5 27. b4 (27. a4 $142) 27... cxb4 $17 28. cxb4 Qe5 (28... Rd4 $142 29. Nc5 Bd5) 29. Rf1 (29. Re1 $142) 29... Nh4 30. Qe3 Nf5 31. Qe1 Rd4 32. Nc5 Qxe1 33. Rxe1 Rxb4 34. Nxa6 Rb2 35. a3 Ra2 36. Nc7 Bc4 37. Nf3 Rxa3 38. Rb1 Ra5 39. Ne5 Nd4 {aiming for ...f6.} 40. Ne8 $2 {[#]} (40. Rd1 $17 {might work better.} Ne2+ 41. Kh2) 40... Ra6 (40... f6 $19 {and Black stays clearly on top.} 41. Ng4 Ra8) 41. Rd1 Ne2+ 42. Kh2 Ra8 ({Black should play} 42... Kh7 $17 {White must now prevent ...Re6.} 43. Nd6 Nc3) 43. Nd6 $1 $11 {The position is equal.} Rd8 44. Nc6 Rd7 45. Rd2 Rc7 46. Ne5 Nf4 47. Ndxc4 bxc4 48. Rd4 Ne6 49. Rxc4 Rxc4 {Precision: White = 52%, Black = 51%.} 1/2-1/2

[Event "2nd European Youth GP 2017"]
[Site "Jermuk"]
[Date "2017.10.13"]
[Round "9"]
[White "Kaasen, Tor Fredrik"]
[Black "Pultinevicius, Paulius"]
[Result "1/2-1/2"]
[WhiteElo "2371"]
[BlackElo "2387"]
[Annotator "NA"]
[PlyCount "110"]
[EventDate "2017.??.??"]
[EventType "tourn"]
[EventCountry "ARM"]
[SourceTitle "playchess.com"]
[Source "ChessBase"]
[SourceQuality "1"]
[TimeControl "5400+30"]

1. c4 {[%emt 0:00:00]} Nf6 {[%emt 0:01:01]} 2. Nf3 {[%emt 0:00:38]} c5 {[%emt 0:02:52]} 3. Nc3 {[%emt 0:04:00]} d5 {[%emt 0:00:17]} 4. cxd5 {[%emt 0:00:29]} Nxd5 {[%emt 0:00:01]} 5. g3 {[%emt 0:01:15]} Nc6 {[%emt 0:02:28]} 6. Bg2 {[%emt 0:00:10]} Nc7 {[%emt 0:00:06]} 7. O-O {[%emt 0:00:32]} e5 {[%emt 0:00:03]} 8. d3 {[%emt 0:00:47]} Be7 {[%emt 0:00:06]} 9. Bd2 {[%emt 0:00:57]} (9. Nd2 $14) 9... O-O {[%emt 0:00:43]} 10. Rc1 {[%emt 0:00:24] LiveBook: 14 Games} Rb8 {[%emt 0:10:04] A34: Symmetrical English: 2 Nc3, lines with ...d5} 11. a3 {[%emt 0:02:35]} Ne6 {[%emt 0:08:15]} (11... b6 12. b4 cxb4 13. axb4 Bb7 14. Qa4 a6 15. b5 axb5 16. Nxb5 {½-½ (52) Bu,X (2710)-Zhou,J (2597) Huocheng County 2017}) 12. Ne1 {[%emt 0:06:09]} Re8 $146 {[%emt 0:10:49]} ({Predecessor:} 12... Bd7 13. Nd5 Bd6 14. b4 cxb4 15. axb4 Ncd4 16. e3 Nf5 17. Bc3 Ne7 18. d4 Nxd5 19. Bxd5 exd4 20. exd4 {0-1 (36) Pascual Perdiguero,J-Blanco Sanjuan,J (2165) Madrid 1998}) 13. Nc2 {[%emt 0:03:34]} Ned4 {[%emt 0:03:36]} 14. Ne3 {[%emt 0:05:48]} Bf8 {[%emt 0:03:57]} 15. Ned5 {[%emt 0:06:41]} Bg4 {[%emt 0:03:01]} 16. h3 {[%emt 0:12:26]} Be6 {[%emt 0:01:48]} 17. Rb1 {[%emt 0:09:05]} Qd7 {[%emt 0:09:27]} 18. Kh2 {[%emt 0:00:29]} b5 {[%emt 0:00:52]} 19. e3 {[%emt 0:15:12]} ({Better is} 19. b4 $1 $15) 19... b4 {[%emt 0:11:55]} 20. exd4 {[%emt 0:01:15]} bxc3 {[%emt 0:00:08]} 21. Nxc3 {[%emt 0:00:06]} Bb3 $17 {[%emt 0:06:46]} 22. Qh5 {[%emt 0:02:43]} Nxd4 {[%emt 0:03:05]} 23. Rbe1 {[%emt 0:01:42]} f6 {[%emt 0:03:14]} 24. f4 {[%emt 0:03:27]} Bf7 {[%emt 0:00:24]} 25. Qh4 {[%emt 0:02:25]} Rxb2 {[%emt 0:00:26]} 26. Ne4 {[%emt 0:01:20]} f5 {[%emt 0:06:44]} 27. Bc3 {[%emt 0:08:58]} Rc2 {[%emt 0:03:33]} 28. Bxd4 {[%emt 0:01:27]} exd4 {[%emt 0:02:00]} 29. Ng5 {[%emt 0:01:53]} Bg6 {[%emt 0:00:43]} 30. Kg1 {[%emt 0:02:14]} h6 {[%emt 0:00:46]} 31. Nf3 {[%emt 0:01:13]} Be7 {[%emt 0:01:03]} 32. Rxe7 {[%emt 0:00:43]} Qxe7 {[%emt 0:00:16]} 33. Qxe7 {[%emt 0:00:28]} Rxe7 {[%emt 0:00:00]} 34. Ne5 {[%emt 0:00:01]} Kh7 {[%emt 0:02:08]} 35. Rb1 {[%emt 0:00:20]} Ra2 {[%emt 0:01:14]} 36. Rb5 {[%emt 0:01:50]} Rxa3 {[%emt 0:00:59]} 37. Rxc5 {[%emt 0:00:01]} Ra1+ {[%emt 0:00:34]} 38. Kh2 {[%emt 0:00:15]} a5 {[%emt 0:00:41]} 39. Bd5 {[%emt 0:01:30]} a4 {[%emt 0:00:41]} 40. Rc8 {[%emt 0:00:13]} Be8 {[%emt 0:00:27]} 41. g4 {[%emt 0:00:10]} fxg4 {[%emt 0:00:58]} 42. hxg4 {[%emt 0:02:08]} g5 {[%emt 0:00:33]} 43. Be4+ {[%emt 0:01:26]} Kg7 {[%emt 0:00:03]} 44. Nf3 {[%emt 0:00:03]} gxf4 {[%emt 0:00:40]} 45. Nxd4 {[%emt 0:00:04]} Bd7 {[%emt 0:00:57]} 46. Rc7 {[%emt 0:00:02]} Kf6 {[%emt 0:00:10]} 47. Ra7 {[%emt 0:01:05]} a3 {[%emt 0:01:49]} 48. Ra6+ {[%emt 0:00:12]} Kg7 {[%emt 0:00:27]} 49. Rg6+ {[%emt 0:00:56]} Kf8 {[%emt 0:01:04]} 50. Rxh6 {[%emt 0:00:53]} a2 {[%emt 0:00:23]} 51. Rh8+ {[%emt 0:00:19]} Kg7 {[%emt 0:00:30]} 52. Rh7+ {[%emt 0:00:04]} Kf8 {[%emt 0:00:33]} 53. Rh8+ {[%emt 0:00:05]} Kg7 {[%emt 0:00:12]} 54. Rh7+ {[%emt 0:00:04]} Kf6 {[%emt 0:00:32]} 55. Rh6+ {[%emt 0:00:25]} Kg7 {[%emt 0:00:31]} 1/2-1/2

[Event "2nd European Youth GP 2017"]
[Site "Jermuk"]
[Date "2017.10.13"]
[Round "9"]
[White "Shubin, Kirill"]
[Black "Hakobyan, Aram"]
[Result "0-1"]
[WhiteElo "2359"]
[BlackElo "2457"]
[Annotator "TA"]
[PlyCount "70"]
[EventDate "2017.??.??"]
[EventType "tourn"]
[EventCountry "ARM"]
[SourceTitle "playchess.com"]
[Source "ChessBase"]
[SourceQuality "1"]

{[%evp 13,70,34,35,32,36,0,0,-25,-16,-71,-71,-68,-81,-72,-74,-85,-94,-86,-85,-102,-91,-155,-143,-162,-149,-173,-173,-173,-173,-166,-173,-173,-168,-179,-166,-183,-158,-157,-157,-157,-162,-151,-162,-143,-130,-223,-214,-222,-201,-194,-196,-256,-254,-301,-287,-294,-294,-294,-294]} 1. e4 c5 2. Nf3 d6 3. d4 cxd4 4. Qxd4 Bd7 5. c4 Nc6 6. Qe3 {B53: Sizilianisch (Ungarische Variante)} (6. Qd2 g6 7. b3 Nf6 8. Nc3 Bg7 9. Bb2 O-O 10. Be2 Qa5 11. Nd5 Qxd2+ 12. Nxd2 Nxd5 13. Bxg7 Kxg7 14. exd5 Nd4 15. Bd3 b5 16. O-O bxc4 17. Nxc4 Rfc8 18. Rfe1 {½-½ (66) Socko,B (2635)-Korobov,A (2678) Lublin 2012}) 6... g6 7. Be2 Bg7 {LiveBook: 4 Partien} 8. O-O {Weiß steht etwas besser.} Bg4 9. Rd1 Qb6 10. Qxb6 $146 ({Vorgänger:} 10. Qb3 Bxf3 11. Bxf3 Qxb3 12. axb3 Nd4 13. Be3 Nxf3+ 14. gxf3 {½-½ (25) Zhang,F (1911)-Peng,H (2270) Harbin 2016}) 10... axb6 11. Nc3 (11. h3 $11 {hält das Gleichgewicht.} Bxf3 12. Bxf3) 11... Bxc3 $17 12. bxc3 Nf6 13. h3 Bxf3 14. gxf3 Nd7 15. Be3 Kd8 16. Rdb1 Kc7 17. Rb2 (17. a4 $142) 17... Ra3 18. Rab1 Rxc3 19. Bxb6+ Nxb6 20. Rxb6 {[#]} Rc1+ $1 {[%mdl 512]} 21. Rxc1 Kxb6 $19 {[%mdl 4096] Endspiel KTL-KTS} 22. Rb1+ Kc7 23. a4 Ra8 24. Bd1 Nd4 25. f4 Ne6 26. e5 Nxf4 27. exd6+ exd6 28. Bf3 Ra7 ({Jedoch nicht} 28... Nxh3+ 29. Kh2 $15) 29. a5 (29. Kh2 $17 {ist wohl besser.}) 29... Nxh3+ 30. Kg2 Nf4+ 31. Kg3 {[#]} Ne6 $1 32. Kh4 (32. Be4 {war nötig.}) 32... Nd8 {Schwarz hat entscheidenden Vorteil.} ({Finger weg von} 32... Rxa5 33. Rxb7+ Kd8 34. Bd5 $19) 33. Rb5 Nc6 {Und weiter mit ...Sd4 wäre nett.} 34. Bd5 f6 ({Viel schwächer ist} 34... Nxa5 35. Kg5 $19) 35. f4 Nxa5 {Precision: Weiß = 46%, Schwarz = 85%.} 0-1

[Event "2nd European Youth GP 2017"]
[Site "Jermuk"]
[Date "2017.10.13"]
[Round "9"]
[White "Nesterov, Arseniy"]
[Black "Lobanov, Sergei"]
[Result "0-1"]
[WhiteElo "2350"]
[BlackElo "2457"]
[Annotator "TA"]
[PlyCount "84"]
[EventDate "2017.??.??"]
[EventType "tourn"]
[EventCountry "ARM"]
[SourceTitle "playchess.com"]
[Source "ChessBase"]
[SourceQuality "1"]

{[%evp 16,84,25,11,19,15,22,0,0,-10,0,0,0,0,0,0,49,0,0,-2,-8,-9,-12,-21,-20,-19,0,7,7,7,5,0,0,-280,-277,-358,-351,-393,-389,-472,-462,-424,-367,-360,-126,-95,0,-357,-317,-317,-317,-316,-315,-304,-299,-288,-285,-279,-278,-524,-516,-514,-479,-746,-746,-829,-824,-808,-772,-5223,-5167]} 1. d4 Nf6 2. c4 e6 3. Nf3 b6 4. g3 Bb7 5. Bg2 Be7 6. O-O O-O 7. Nc3 Ne4 8. Bd2 f5 9. Ne1 {LiveBook: 4 Games} Bf6 {E18: Queen's Indian: Old Main Line (4 g3 Bb7 5 Bg2 Be7 6 0-0 0-0 7 Nc3)} (9... d5 {is interesting.} 10. cxd5 exd5 11. Nd3 Re8 12. Be3 Nd7) 10. Nxe4 fxe4 11. Be3 $146 ({Predecessor:} 11. Bc3 d5 12. Bh3 Re8 13. cxd5 exd5 14. Nc2 Kh8 15. f4 c5 16. e3 Nc6 17. Qd2 {½-½ (58) Faibisovich,V (2352)-Pozin,S (2332) Sochi 2016}) 11... d5 {The position is equal.} 12. Rc1 {[%cal Ba1c1,Bc1c4,Bc4c5][%mdl 32]} Nc6 13. Bh3 Re8 14. Ng2 dxc4 15. Rxc4 b5 16. Rc5 {Hoping for d5.} Nxd4 17. Nf4 Qd6 18. Bxd4 Bxd4 19. Rxb5 Bc6 20. Ra5 {And now Bxe6+ would win.} e5 (20... e3 $5 21. f3 $8 e5 $11) 21. Qb3+ Kh8 $132 {[%mdl 2048] Black is not keeping still} 22. Ne6 Reb8 23. Qc4 Bb6 ({Much worse is} 23... Bxb2 $6 24. Rc5 $16) 24. Ng5 $2 {[%mdl 8192]} (24. Rxe5 $1 $11 Qxe5 25. Qxc6) 24... Rf8 $1 $19 25. Ra3 Bd5 26. Qa4 Qg6 27. Qd7 Rad8 28. Qg4 Rd6 29. Ra4 {[%cal Rg5e4]} Bc6 $2 (29... Rdf6 $19 {has better winning chances.} 30. Nxe4 Bxe4 31. Qxe4 Qh6) 30. Rc4 $17 Bd5 $2 {[%mdl 8192]} (30... Bd7 $17 31. Qh4 Bxh3 32. Nxh3 Qf5) 31. Ra4 $1 $19 {[%cal Rg5e4]} e3 {[%cal Re3f2]} 32. f4 {[#]} h6 $1 33. fxe5 Rxf1+ 34. Bxf1 Rd8 35. Nh3 Qxg4 36. Rxg4 {[#]} g5 $1 ({Less strong is} 36... Bxa2 37. Ra4 $17) 37. e6 $2 (37. Bg2 Bxa2 38. Kh1) 37... Bxe6 {Black is clearly winning.} 38. Re4 Bxa2 39. b4 (39. Ra4 $142 Bf7 40. Ra1) 39... Rd1 40. Re5 Bc4 {aiming for ...Bxe2.} 41. Kg2 Bd5+ 42. Kg1 {[#]} Bf3 $1 {[%mdl 512] Precision: White = 43%, Black = 71%.} 0-1

[Event "2nd European Youth GP 2017"]
[Site "Jermuk"]
[Date "2017.10.13"]
[Round "9"]
[White "Zarubitski, Viachaslau"]
[Black "Gharibyan, Mamikon"]
[Result "1-0"]
[WhiteElo "2311"]
[BlackElo "2346"]
[Annotator "NA"]
[PlyCount "191"]
[EventDate "2017.??.??"]
[EventType "tourn"]
[EventCountry "ARM"]
[SourceTitle "playchess.com"]
[Source "ChessBase"]
[SourceQuality "1"]
[TimeControl "5400+30"]

1. e4 {[%emt 0:00:00]} e6 {[%emt 0:00:21]} 2. d4 {[%emt 0:00:00]} d5 {[%emt 0:00:08]} 3. Nc3 {[%emt 0:00:00]} Bb4 {[%emt 0:00:13]} 4. exd5 {[%emt 0:00:00]} exd5 {[%emt 0:00:11]} 5. Bd3 {[%emt 0:00:00]} Nc6 {[%emt 0:08:01]} 6. a3 {[%emt 0:00:00]} Bxc3+ {[%emt 0:00:15]} 7. bxc3 {[%emt 0:00:00]} Nge7 {[%emt 0:02:27]} 8. Qf3 {[%emt 0:00:30]} Be6 {[%emt 0:06:16]} 9. Ne2 {[%emt 0:01:10]} Qd7 {[%emt 0:03:29]} 10. O-O {[%emt 0:00:41]} O-O $1 {[%emt 0:06:31]} 11. Ng3 {[%emt 0:06:18] LiveBook: 5 Games C01: French: Exchange Variation} Ng6 {[%emt 0:10:44]} (11... Bg4 12. Qf4 Ng6 13. Qd2 Nge7 14. h3 Be6 15. Qg5 f6 16. Qh5 g6 17. Qf3 Kg7 18. Re1 Rfe8 {1-0 (51) Vedder,H (2365)-Carstensen,J (2352) Skopje 2015}) 12. h3 {[%emt 0:02:44]} Rfe8 {[%emt 0:04:38]} 13. Qh5 $146 {[%emt 0:02:33]} ({Predecessor:} 13. Nh5 Qd6 14. Bg5 Qf8 {1-0 (26) Whatley,S (2127)-Broekman,W (1997) Caleta 2017}) 13... Nf8 {[%emt 0:18:12]} 14. a4 {[%emt 0:08:06]} f6 {[%emt 0:07:37]} 15. Qf3 {[%emt 0:05:17]} Qf7 {[%emt 0:02:09]} 16. Ne2 {[%emt 0:06:42]} Ng6 {[%emt 0:03:18]} 17. Qg3 {[%emt 0:00:14]} Qd7 {[%emt 0:06:03]} 18. Nf4 {[%emt 0:03:04]} Nxf4 {[%emt 0:01:05]} 19. Bxf4 {[%emt 0:00:11]} Rac8 {[%emt 0:07:43]} 20. Rfe1 {[%emt 0:08:14]} Na5 {[%emt 0:02:33]} 21. Re2 {[%emt 0:01:17]} Bf5 {[%emt 0:07:35]} 22. Rxe8+ {[%emt 0:01:30]} Rxe8 {[%emt 0:00:01]} 23. Bxc7 {[%emt 0:00:09]} Nc4 {[%emt 0:01:19]} 24. Bf4 {[%emt 0:00:37]} b6 {[%emt 0:00:35]} 25. Qf3 {[%emt 0:08:07]} Be4 {[%emt 0:00:39]} 26. Qh5 {[%emt 0:00:18]} Qf7 {[%emt 0:00:31]} 27. Qxf7+ {[%emt 0:01:45]} Kxf7 {[%emt 0:00:01]} 28. Kf1 {[%emt 0:03:36]} g5 {[%emt 0:00:54]} 29. Bc1 {[%emt 0:00:13]} Ke6 {[%emt 0:00:30]} 30. f3 {[%emt 0:00:35]} Bg6 {[%emt 0:00:14]} 31. Kf2 {[%emt 0:01:52]} Kd7 $14 {[%emt 0:00:31]} 32. Rb1 {[%emt 0:03:07]} Rc8 {[%emt 0:00:48]} 33. Rb5 {[%emt 0:02:09]} Nd6 {[%emt 0:00:42]} 34. Rb3 {[%emt 0:04:04]} Nc4 {[%emt 0:00:11]} 35. g3 {[%emt 0:02:31]} Na5 {[%emt 0:00:50]} 36. Ra3 {[%emt 0:00:08]} Nc4 {[%emt 0:00:22]} 37. Ra2 {[%emt 0:00:07]} Na5 {[%emt 0:00:31]} 38. Bd2 {[%emt 0:01:22]} Nc4 {[%emt 0:00:26]} 39. Be1 {[%emt 0:01:30]} Kc6 {[%emt 0:00:27]} 40. h4 {[%emt 0:01:00]} gxh4 {[%emt 0:00:45]} 41. gxh4 {[%emt 0:00:09]} Re8 {[%emt 0:00:16]} 42. Bxc4 {[%emt 0:02:32]} dxc4 {[%emt 0:00:04]} 43. Bd2 {[%emt 0:00:01]} Rd8 {[%emt 0:00:57]} 44. Rb2 {[%emt 0:00:22]} a5 {[%emt 0:00:43]} 45. Be3 {[%emt 0:01:26]} Rd5 {[%emt 0:00:08]} 46. Ke2 {[%emt 0:00:05]} Bh5 {[%emt 0:00:55]} 47. Kf2 {[%emt 0:02:03]} Bg6 {[%emt 0:00:19]} 48. Ke1 {[%emt 0:00:42]} Bh5 {[%emt 0:00:27]} 49. f4 {[%emt 0:00:05]} Be8 {[%emt 0:00:33]} 50. Kd2 {[%emt 0:00:08]} Kc7 {[%emt 0:00:12]} 51. Ra2 {[%emt 0:00:04]} Bc6 {[%emt 0:00:15]} 52. Ra1 {[%emt 0:00:22]} Rd7 {[%emt 0:00:21]} 53. Kc1 {[%emt 0:01:27]} Re7 {[%emt 0:00:15]} 54. Kd2 {[%emt 0:00:10]} f5 {[%emt 0:00:14]} 55. Bf2 {[%emt 0:02:04]} Rg7 {[%emt 0:00:39]} 56. Ra2 {[%emt 0:02:56]} Rg2 {[%emt 0:00:20]} 57. Ke1 {[%emt 0:00:59]} Rh2 {[%emt 0:00:33]} 58. Ke2 {[%emt 0:02:06]} Rg2 {[%emt 0:00:49]} 59. Ra1 {[%emt 0:00:50]} Be4 {[%emt 0:00:47]} 60. Ra2 {[%emt 0:00:19]} Rh2 {[%emt 0:00:29]} 61. Rb2 {[%emt 0:00:34]} Bc6 {[%emt 0:00:31]} 62. Ra2 {[%emt 0:00:12]} Rh3 {[%emt 0:01:16]} 63. Kd2 {[%emt 0:00:43]} Rf3 {[%emt 0:00:12]} 64. Be3 {[%emt 0:00:13]} Rg3 {[%emt 0:00:43]} 65. Bf2 {[%emt 0:01:51]} Rh3 {[%emt 0:00:33]} 66. Ra1 {[%emt 0:01:09]} Rh2 {[%emt 0:00:12]} 67. Ke2 {[%emt 0:00:58]} Be4 {[%emt 0:00:44]} 68. Ra2 {[%emt 0:00:44]} Rh1 {[%emt 0:00:11]} 69. Rb2 {[%emt 0:00:57]} Bd5 {[%emt 0:00:11]} 70. Be1 {[%emt 0:01:03]} Kc6 {[%emt 0:00:11]} 71. Rb1 {[%emt 0:00:31]} h5 {[%emt 0:00:40]} 72. Rb5 {[%emt 0:00:35]} Rg1 {[%emt 0:00:15]} 73. Rb2 {[%emt 0:00:32]} Rh1 {[%emt 0:01:10]} 74. Rb5 {[%emt 0:00:12]} Be4 {[%emt 0:00:26]} 75. d5+ {[%emt 0:02:04]} Bxd5 {[%emt 0:00:09]} 76. Bf2 {[%emt 0:00:02]} Rh2 {[%emt 0:00:37]} 77. Rxb6+ {[%emt 0:00:04]} Kc7 {[%emt 0:00:08]} 78. Rb5 {[%emt 0:00:20]} Be4 {[%emt 0:00:53]} 79. Rxa5 {[%emt 0:00:11]} Bxc2 {[%emt 0:00:50]} 80. Rc5+ {[%emt 0:00:01]} Kd6 {[%emt 0:00:17]} 81. Rxc4 {[%emt 0:00:11]} Rh1 {[%emt 0:00:21]} 82. a5 {[%emt 0:01:46]} Ra1 {[%emt 0:00:10]} 83. Bb6 {[%emt 0:00:56]} Ra2 {[%emt 0:00:51]} 84. Rc8 {[%emt 0:00:26]} Kd7 {[%emt 0:00:58]} 85. Rh8 {[%emt 0:00:49]} Kc6 {[%emt 0:00:42]} 86. Rxh5 {[%emt 0:00:33]} Kd5 {[%emt 0:00:27]} 87. Ke3 {[%emt 0:00:51]} Be4 {[%emt 0:00:17]} 88. Rh8 {[%emt 0:00:15]} Rh2 {[%emt 0:00:36]} 89. a6 {[%emt 0:04:22]} Rh3+ {[%emt 0:00:33]} 90. Kf2 {[%emt 0:00:36]} Rh2+ {[%emt 0:00:31]} 91. Kg3 {[%emt 0:00:15]} Rg2+ {[%emt 0:00:18]} 92. Kh3 {[%emt 0:00:01]} Ra2 {[%emt 0:00:49]} 93. a7 {[%emt 0:00:04]} Kc4 {[%emt 0:00:03]} 94. h5 {[%emt 0:01:18]} Ra6 {[%emt 0:00:25]} 95. Bd4 {[%emt 0:00:26]} Kd3 {[%emt 0:00:10]} 96. Kh4 {[%emt 0:00:15]} 1-0

[Event "2nd European Youth GP 2017"]
[Site "Jermuk"]
[Date "2017.10.13"]
[Round "9"]
[White "Kacharava, Nikolozi"]
[Black "Pogosyan, Stefan"]
[Result "1-0"]
[WhiteElo "2206"]
[BlackElo "2368"]
[Annotator "NA"]
[PlyCount "61"]
[EventDate "2017.??.??"]
[EventType "tourn"]
[EventCountry "ARM"]
[SourceTitle "playchess.com"]
[Source "ChessBase"]
[SourceQuality "1"]
[TimeControl "5400+30"]

1. e4 {[%emt 0:00:00]} e5 {[%emt 0:00:12]} 2. Nf3 {[%emt 0:00:00]} Nc6 {[%emt 0:00:08]} 3. Bc4 {[%emt 0:00:06]} Nf6 {[%emt 0:00:07]} 4. d3 {[%emt 0:00:14]} Be7 {[%emt 0:00:25]} 5. O-O {[%emt 0:00:19]} O-O {[%emt 0:00:13]} 6. Re1 {[%emt 0:00:09]} d6 {[%emt 0:00:08]} 7. a4 {[%emt 0:00:10]} Kh8 {[%emt 0:00:32]} 8. h3 {[%emt 0:00:30] C55: Zweispringerspiel} Ng8 {[%emt 0:00:54]} 9. Nc3 {[%emt 0:00:21]} f5 {[%emt 0:01:43]} 10. Nd5 {[%emt 0:00:36]} fxe4 {[%emt 0:01:01]} 11. dxe4 {[%emt 0:04:47]} Nf6 {[%emt 0:00:36] LiveBook: 5 Games} 12. Ng5 {[%emt 0:15:22]} ({Better is} 12. a5 $14) 12... Nxd5 {[%emt 0:26:11]} 13. Nxh7 $1 {[%emt 0:00:22]} Nb6 $2 {[%emt 0:00:17]} (13... Rf4 $1 $11 14. Qxd5 Nb4) 14. Nxf8 {[%emt 0:06:13]} Nxc4 {[%emt 0:00:11]} 15. Ng6+ {[%emt 0:00:25]} Kh7 {[%emt 0:00:18] [#]} 16. Qh5+ $146 {[%emt 0:00:17]} Kg8 {[%emt 0:00:06]} 17. f4 {[%emt 0:02:55]} exf4 {[%emt 0:13:38]} 18. Qd5+ {[%emt 0:02:04]} Kh7 {[%emt 0:00:14]} 19. Nxe7 {[%emt 0:05:44]} Qxe7 {[%emt 0:00:07]} 20. Qxc4 {[%emt 0:00:08]} f3 {[%emt 0:00:07]} 21. Qf1 {[%emt 0:23:20]} (21. gxf3 Qh4 $17) 21... fxg2 {[%emt 0:17:48]} 22. Qxg2 {[%emt 0:02:17]} Qh4 {[%emt 0:04:37]} 23. Re3 {[%emt 0:08:47]} Nd4 {[%emt 0:01:00]} 24. Kh2 {[%emt 0:01:56]} Bd7 {[%emt 0:06:13]} 25. Rg3 {[%emt 0:01:31]} Qf6 {[%emt 0:02:09]} 26. Bg5 {[%emt 0:08:11]} Qe5 {[%emt 0:00:25]} 27. Rf1 {[%emt 0:01:22]} Ne6 {[%emt 0:05:57]} 28. Bd2 {[%emt 0:02:06]} Qh5 {[%emt 0:07:22]} 29. Rf5 {[%emt 0:04:12]} Qe8 {[%emt 0:00:37]} 30. Bc3 {[%emt 0:00:53]} Qe7 {[%emt 0:04:09]} 31. Bf6 {[%emt 0:00:43]} 1-0